000 00582nam a2200181Ia 4500
005 20250508160017.0
008 008 250505s9999 xx 000 0 eng d
037 _aBooks to be hide in OPAC
040 _aFEDL
_beng
_cFEDL
041 _aeng
_2eng
084 _a379.415, IRE/O
_qFEDL
245 0 _aAnnual report of the commissioners of education in Ireland for the year 1914
260 _aLondon, UK
_bHis Majesty's Stationery Office
_c1915
300 _a44p.
546 _aEducation (Ireland), 1914
942 _cHB
_h379.415, IRE/O
999 _c1360978
_d1360978